1113 1869 1062 1328 1566 1752 1530 1212 1556 1716 1206 1563 1910 1944 1188 1802 1448 1357 1926 1852 1177 1806 1591 1928 1944 1691 1506 1998 1105 1039 1800 1595 1512 1759 1637 1930 1214 1520 1753 1953 1091 1846 1898 1011 1786 1296 1893 1834 1843 1842 1202 1292 1506 1222 1260 1956 1818 1948 1646 1719 1009 1017 1907 1305 1443 1227 1919 1062 1332 1684 1459 1943 1441 1993 1849 1518 1728 1759 1387 1382 1212 1476 1129 1555 1822 1053 1879 1557 1887 1407 1262 1593 1461 1623 1417 1677 1615 1760 1691 BCNSPRNW ULIB Ver.6.0+V

เปลี่ยนเป็นภาษาไทย

Change to English
 แสดงรายละเอียดบรรณานุกรม
  กลับหน้าหลัก

Brief Record : Get Marc (ISO 2709) : E-mail record : QR code < ปิดหน้าต่าง
LEADER : 00000nam 2200000uu 4500
001    13399121441
003     ULIB
008    020711s2551 th a 000 0 tha d
020    9789744263766
090    นว.^bอ111ห
100    อารานิคัส
110    เลมอนกรีน
245    หากเธอเป็นจันทร์...ฉันขอเป็นดาว /^cอารานิคัส
260    กรุงเทพฯ :^bเลมอนกรีน,^c2551
300    220 หน้า
710    Lamongreen
945    ^p169^l0^i15297
999    ^aทศพร เกษรทอง
รายการนี้ยังไม่มีแท็ก
คุณยังไม่ได้ล็อกอิน คุณสามารถมีกิจกรรมร่วมกับเว็บไซต์ได้ แต่ต้องล็อกอินก่อน ::
  ล็อกอิน

รายการสื่อสารสนเทศ

ลำดับที่ ประเภท เลขเรียก/บาร์โค้ด สถานที่ สถานะ
1. นวนิยาย
นวนิยาย
นว. อ111ห ฉ.1 
  Barcode: 15297
ห้องสมุดวิทยาเขตสวรรค์ประชารักษ์
►นวนิยาย
บนชั้น
  ขอยืม

BibComment


ยังไม่เคยถูกคอมเมนท์

คอมเมนท์ทรัพยากรรายการนี้
  คอมเมนท์: หากเธอเป็นจันทร์ฉ..


 Copyright 2026. Bcnsprnw @Library